The Polaroid Book : Selection from the Polaroid Collections of Photography /

שמור ב:
מידע ביבליוגרפי
מחבר תאגידי: The Polaroid Collections of Photography (colección)
מחברים אחרים: Crist, Steve (edición) (edición), Hitchcock, Barbara (texto) (texto)
פורמט: ספר
שפה:ספרדית
יצא לאור: Colonia, Alemania : Taschen, 2017, c2017
נושאים:
תגים: הוספת תג
אין תגיות, היה/י הראשונ/ה לתייג את הרשומה!

MARC

LEADER 00000nam^a2200000^a^4500
001 000410956
005 20250521000000.0
009 20260310122101.054
020 |a 978-3-8365-0695-3 
037 |a Acervo ITESO - Biblioteca 
041 |a ESP 
082 |a 771. 12  |b POL 
110 |a The Polaroid Collections of Photography  |e (colección) 
245 1 4 |a The Polaroid Book :  |b Selection from the Polaroid Collections of Photography /  |c The Polaroid Collections of Photography ; ed. de S. Crist ; texto de B. Hitchcock ; tr. por Josep Maria Jovells, Quirino Di Zitti, João Carlos Antunes Brogueira. 
264 4 |a Colonia, Alemania :  |b Taschen,  |c 2017, c2017 
300 |a 351 p. 
336 |a texto  |b txt  |2 rdacontenido 
337 |a sin mediación  |b n  |2 rdamedio 
338 |a volumen  |b nc  |2 rdasoporte 
546 |a Edición trilingüe español-italiano-portugués 
649 |a XX 
650 |a Cámara Polaroid -  |x Tema Principal 
650 |a Fotografía Instantánea -  |x Tema Principal 
650 |a Fotografía Instantánea -  |x Historia y Crítica 
650 |a Fotografía -  |x Historia y Crítica 
650 |a Fotografía -  |y Siglo XX 
650 |a Arte -  |x Historia y Crítica 
650 |a Arte -  |y Siglo XX 
700 |a Crist, Steve  |e (edición) 
700 |a Hitchcock, Barbara  |e (texto) 
910 |a Fondo General 
920 |a Impresos - Libros 
930 |a Reserva Especial 
905 |a 103 
901 |a 0500319562  |b IT1  |c REE  |i C160946  |u 20250521 
902 |a https://opac.biblio.iteso.mx/vufind/Record/000410956